Phonics lessons, letters ,words and how they work (Record no. 23637)

MARC details
000 -LEADER
fixed length control field 00621nam a22002057a 4500
003 - CONTROL NUMBER IDENTIFIER
control field OSt
005 - DATE AND TIME OF LATEST TRANSACTION
control field 20260609122305.0
008 - FIXED-LENGTH DATA ELEMENTS--GENERAL INFORMATION
fixed length control field 260609b |||||||| |||| 00| 0 eng d
020 ## - INTERNATIONAL STANDARD BOOK NUMBER
International Standard Book Number 00-325-00562-1
040 ## - CATALOGING SOURCE
Transcribing agency Chuka University Library
050 ## - LIBRARY OF CONGRESS CALL NUMBER
Classification number LB 1573.3
Item number .P5 2003
100 ## - MAIN ENTRY--PERSONAL NAME
Personal name Pinnel su gay
9 (RLIN) 27907
245 ## - TITLE STATEMENT
Title Phonics lessons, letters ,words and how they work
260 ## - PUBLICATION, DISTRIBUTION, ETC.
Place of publication, distribution, etc. United state of America
Name of publisher, distributor, etc. Firsthand
Date of publication, distribution, etc. 2003
300 ## - PHYSICAL DESCRIPTION
Extent 486
Other physical details Illustrations
650 ## - SUBJECT ADDED ENTRY--TOPICAL TERM
Source of heading or term English language-phonetics
650 ## - SUBJECT ADDED ENTRY--TOPICAL TERM
Topical term or geographic name entry element Reading-phonetic method
9 (RLIN) 13914
700 ## - ADDED ENTRY--PERSONAL NAME
Personal name Irene c. fountas(author)
9 (RLIN) 27908
942 ## - ADDED ENTRY ELEMENTS (KOHA)
Source of classification or shelving scheme Library of Congress Classification
Koha item type Long Loan Books
Suppress in OPAC No

No items available.

Powered by Koha